Normal view
MARC view
- Dead Sea scrolls
Entry Uniform Title
001 - CONTROL NUMBER
- control field: 32762
003 - CONTROL NUMBER IDENTIFIER
- control field: KE-NaSUL
005 - DATE AND TIME OF LATEST TRANSACTION
- control field: 20250825145424.0
008 - FIXED-LENGTH DATA ELEMENTS
- fixed length control field: 250825|| aca||aabn | a|a d
040 ## - CATALOGING SOURCE
- Original cataloging agency: KE-NaSUL
- Transcribing agency: KE-NaSUL
130 ## - HEADING--UNIFORM TITLE
- Uniform title: Dead Sea scrolls
670 ## - SOURCE DATA FOUND
- Source citation: Work cat.: (KE-NaSUL)18966: Burrows, Millar, 1889- 32761, The Dead Sea scrolls., 1955.